| 000 | 01060nam a22002897a 4500 | ||
|---|---|---|---|
| 003 | OSt | ||
| 005 | 20230323142703.0 | ||
| 008 | 201209s1982 sp ad||gr|||| 00| 0 spa d | ||
| 020 | _a8403182392 | ||
| 040 |
_aCO-JMCR _cCO-JMCR |
||
| 041 | _aspa | ||
| 082 | 0 | 4 |
_a330.0151 / _bW872e _223 |
| 100 | 1 |
_aWonnacott, Ronald J., _eautor _912490 |
|
| 245 | 1 | 0 |
_aEconometría / _cRonald J. Wonnacott, Thomas H. Wonnacott ; traducción del inglés Ezequiel Uriel Jiménez |
| 250 | _aPrimera edición | ||
| 260 |
_aMadrid : _bAguilar, _c1982 |
||
| 300 |
_a672 páginas : _bilustraciones, gráficas a blanco y negro ; _c22 cm. |
||
| 490 | 0 | _aBiblioteca de ciencias sociales | |
| 504 | _aBibliografía : páginas 641-656. | ||
| 505 | _aEconometría elemental - Econometría superior | ||
| 650 | 2 | 4 |
_aEconometría _912491 |
| 650 | 2 | 4 |
_aGeometría vectorial _912492 |
| 650 | 2 | 4 |
_aTécnicas de identificación _xEconometría _912493 |
| 700 | 1 |
_aWonnacott, Thomas H., _eautor _912494 |
|
| 700 | 1 |
_aJiménez, Ezequiel Uriel, _etraductor _912495 |
|
| 942 |
_2ddc _cBK |
||
| 999 |
_c7032 _d7032 |
||